00492nam a2200169Ia 450000500170000000800410001702000150005808200130007310000150008624500150010126000590011630000130017565000180018894200060020695200950021299900150030720241107011301.0240331s9999 xx 000 0 und d a9555800456 bHUSa823 aHussein, A 0aFifteenc  aColombobInternational Centre for Ethnic Studiesc1999 a152 p ., aShort Stories cL 001040708LaWERCLbWERCLcSSCd2024-03-31l0o 823 HUSp4118r2024-03-31w2024-03-31yL c4354d4354